000 01043nam a22002537a 4500
005 20240305165456.0
007 cr|||| ||||
008 171102t2012 xxc|||||s|||| 00||0 eng d
020 _a978-1-55221-302-5
035 _a20681
040 _avLex
090 _c7192
_d7192
100 1 _aRoach, Kent
245 1 0 _aIrwin Law
_h[Recurso electrónico] :
_bCriminal Law (Fifth Edition) /
_cKent Roach - Faculty of Law, University of Toronto
250 _aFifth Edition
256 _aServicio en línea
260 _aToronto:
_bIrwin Law Inc.,
_c2012
300 _a1 recurso electrónico
506 1 _aDisponible solo en los productos indicados
_dvLex Global
_dvLex Global (Academic Edition, excluding Law Schools)
_dvLex Global (U.S. Academic Edition, Law Schools)
_dvLex Global (U.S. Academic Edition, excluding Law Schools)
_dvLex Global (Academic Edition, Law Schools)
650 0 4 _aDerecho Penal
_zCanadá
740 0 _avLex libros (Servicio en línea)
856 4 0 _uhttps://app.vlex.com/#/sources/criminal-law-20681
942 _cRAA
999 _c165432
_d165432